States that has/had an team that won the Super Bowl - Statistics

General Stats
  • This quiz has been taken 20 times
    12 since last reset
  • The average score is 12 of 14
Answer Stats
States % Correct
California - Los Angeles Rams, Oakland Raiders, San Francisco 49ers
100%
Texas - Dallas Cowboys
100%
Florida - Tampa Bay Buccaneers, Miami Dolphins
88%
Missouri - Kansas City Chiefs, St. Louis Rams
88%
New York - New York Jets, New York Giants
88%
Pennsylvania - Pittsburgh Steelers, Philadelphia Eagles
88%
Washington - Seattle Seahawks
88%
Colorado - Denver Broncos
75%
Illinois - Chicago Bears
75%
Indiana - Indianapolis Colts
75%
Louisiana - New Orleans Saints
75%
Maryland - Baltimore Ravens, Washington Commanders, Baltimore Colts
75%
Massachusetts - New England Patriots
75%
Wisconsin - Green Bay Packers
75%
No matching quizzes found
Score Distribution
Percent of People with Each Score
Percentile by Number Answered
Your Score History
You have not taken this quiz since the last reset